000 00297nam a22001217a 4500
008 181126b xxu||||| |||| 00| 0 eng d
041 _aeng
080 _a043.3
100 _a0
101 _aMTH-MBE
245 _aNdryshimi i Normave te Interesit dhe ndikimi i tyre
_cDervishi, T
942 _2udc
_cBK
999 _c52541
_d52541